LEADER 01055cam0-22003611i-450- 001 990006796230403321 005 20081030162701.0 010 $a0-262-69172-8 035 $a000679623 035 $aFED01000679623 035 $a(Aleph)000679623FED01 035 $a000679623 100 $a20010426d1994----km-y0itay50------ba 101 0 $aeng 102 $aUS$aGB 105 $ay-------001yy 200 1 $aJumpstart$ethe economic unification of Germany$fGerlinde Sinn, Hans-Werner Sinn$gtranslated by Juli Irving-Lessmann 210 $aCambridge, Mass.$cMIT Press$aLondon$d1994 215 $aXVIII, 243 p.$d24 cm 454 0$12001$aKaltstart$916983 610 0 $aUnificazione tedesca 676 $a330.943 700 1$aSinn,$bGerlinde$0124498 701 1$aSinn,$bHans-Werner$f<1948- >$0123941 801 0$aIT$bUNINA$gRICA$2UNIMARC 901 $aBK 912 $a990006796230403321 952 $aXI A 2265$b23037$fFSPBC 952 $aF/1.424 SIN$b15514$fSES 959 $aFSPBC 959 $aSES 996 $aKaltstart$916983 997 $aUNINA LEADER 02028nam 2200469I 450 001 9910702661303321 005 20170109114207.0 035 $a(CKB)5470000002429575 035 $a(OCoLC)967941142 035 $a(EXLCZ)995470000002429575 100 $a20170109d2012 ua 0 101 0 $aeng 135 $aur||||||||||| 181 $ctxt$2rdacontent 182 $cc$2rdamedia 183 $acr$2rdacarrier 200 14$aThe unauthorized movement of nuclear weapons and mistaken shipment of classified missile components $ean assessment /$fby Michelle Spencer, Aadina Ludin, Heather Nelson 210 1$aMaxwell Air Force Base, Alabama :$cUSAF Counterproliferation Center, Air University,$d2012. 215 $a1 online resource (viii, 90 pages) 225 1 $aThe counterproliferation papers. Future warfare series ;$vno. 56 300 $a"January 2012." 300 $a"This report is the result of a year-long Air University research project funded by Headquarters Air Force, Strategic Deterrence and Nuclear Integration (AF/A10)."--Page v. 320 $aIncludes bibliographical references (pages 75-79). 517 $aUnauthorized movement of nuclear weapons and mistaken shipment of classified missile components 606 $aNuclear weapons$xSecurity measures$zUnited States 606 $aNuclear weapons$zUnited States$xSafety measures 606 $aNuclear weapons$xRisk management$zUnited States 615 0$aNuclear weapons$xSecurity measures 615 0$aNuclear weapons$xSafety measures. 615 0$aNuclear weapons$xRisk management 676 $a355.8/25119 700 $aSpencer$b Michelle L.$01393196 702 $aLudin$b Aadina 702 $aNelson$b Heather 712 02$aAir University (U.S.) 712 02$aUSAF Counterproliferation Center, 801 0$bGPO 801 1$bGPO 906 $aBOOK 912 $a9910702661303321 996 $aThe unauthorized movement of nuclear weapons and mistaken shipment of classified missile components$93457606 997 $aUNINA LEADER 01497nam2 22003733i 450 001 TSA0021885 005 20231121125847.0 010 $a1900188228 100 $a20150127d1996 ||||0itac50 ba 101 | $aeng 102 $agb 181 1$6z01$ai $bxxxe 182 1$6z01$an 200 1 $a˜1: The œsurvey at Naukratis$fby William D. E. Coulson$gwith the assistance of Iphigeneia Leventi$gand with contributions by James Rehard ... \et al.! 210 $aOxford$cOxbow Books$d1996 215 $aXVI, 202 p., 21 p. di tav.$cill.$d29 cm. 225 | $aOxbow monograph$v60 410 0$1001MIL0156521$12001 $aOxbow monograph$v60 462 1$1001TSA0021887$12001 $a˜2: The œsurvey at Naukratis and environs.$v1 606 $aScavi archeologici$xNaucrati$2FIR$3RMLC424133$9I 676 $a932.021$9$v21 700 1$aCoulson$b, William D. E.$3CFIV047113$4070$0442300 702 1$aLeventi$b, Iphigeneia$3TSAV010762 702 1$aRehard$b, James$3TSAV010763 790 1$aCoulson$b, W. D. E.$3TSAV010761$zCoulson, William D. E. 790 1$aCoulson$b, William$3UFIV150334$zCoulson, William D. E. 801 3$aIT$bIT-01$c20150127 850 $aIT-FR0017 899 $aBiblioteca umanistica Giorgio Aprea$bFR0017 912 $aTSA0021885 950 2$aBiblioteca umanistica Giorgio Aprea$d 52MAG 8/606$e 52FLS0000129025 VMN RS $fA $h20150127$i20150127 977 $a 52 996 $aSurvey at Naukratis$93639007 997 $aUNICAS